000
00299nam a22001217a 4500
082
_a
297.122591439
_b
QUR
_c
L-31, P-151.
245
_a
Al-quran-ul-karim
260
_a
Lahore.
300
_a
613 p.
_b
ill.
_c
24 cm.
526
_a
0
_b
0
_c
0
_d
297_122591439000000_QUR
650
_a
MCE
_9
379
942
_2
ddc
_c
BK
999
_c
550379
_d
550379